Normal view
MARC view
- Richard Easlick
Entry Personal Name
001 - CONTROL NUMBER
- control field: 13758
003 - CONTROL NUMBER IDENTIFIER
- control field: NUST
005 - DATE AND TIME OF LATEST TRANSACTION
- control field: 20190306053904.0
008 - FIXED-LENGTH DATA ELEMENTS
- fixed length control field: 190306|| aca||aabn | a|a d
040 ## - CATALOGING SOURCE
- Original cataloging agency: NUST
- Transcribing agency: NUST
100 ## - HEADING--PERSONAL NAME
- Personal name: Richard Easlick
670 ## - SOURCE DATA FOUND
- Source citation: Work cat.: (NUST)24228: Richard Easlick, MCSE:Exchange server 5.5 Study Guide
